CML updates instructions on disclosing incentives (Record no. 83346)

MARC details
000 -LEADER
fixed length control field 00783cad a22002055a 4500
001 - CONTROL NUMBER
control field L153633
008 - FIXED-LENGTH DATA ELEMENTS--GENERAL INFORMATION
fixed length control field 110811e20110810xxk 000 0 eng d
035 ## - SYSTEM CONTROL NUMBER
System control number (Sirsi) u153633
041 0# - LANGUAGE CODE
Language code of text/sound track or separate title eng
110 2# - MAIN ENTRY--CORPORATE NAME
Corporate name or jurisdiction name as entry element Council of Mortgage Lenders
9 (RLIN) 5903
245 00 - TITLE STATEMENT
Title CML updates instructions on disclosing incentives
Medium [electronic resource]
260 ## - PUBLICATION, DISTRIBUTION, ETC.
Date of publication, distribution, etc. 2011
490 ## - SERIES STATEMENT
Series statement CML News and Views
Volume/sequential designation (15) 10 August 2011
520 ## - SUMMARY, ETC.
Summary, etc. The Council of Mortgage Lendes (CML) is revising its disclosure of incentives form. Effective from 1 October 2011.
590 ## - LOCAL NOTE (RLIN)
Local note KA NTK
651 #4 - SUBJECT ADDED ENTRY--GEOGRAPHIC NAME
Geographic name UNITED KINGDOM
690 ## - LOCAL SUBJECT ADDED ENTRY--TOPICAL TERM (OCLC, RLIN)
Topical term or geographic name as entry element PROPERTY-ACQUISITION AND DISPOSAL OF PROPERTY
856 40 - ELECTRONIC LOCATION AND ACCESS
Uniform Resource Identifier <a href="https://www.cml.org.uk/cml/publications/newsandviews/95/354">https://www.cml.org.uk/cml/publications/newsandviews/95/354</a>
Public note View this item free of charge at www.cml.org
942 ## - ADDED ENTRY ELEMENTS (KOHA)
Suppress in OPAC 0
Holdings
Withdrawn status Lost status Source of classification or shelving scheme Damaged status Not for loan Home library Current library Shelving location Date acquired Total Checkouts Full call number Barcode Date last seen Copy number Price effective from Koha item type
    Dewey Decimal Classification     Virtual Virtual Online 11/08/2011   ONLINE PUBLICATION 153633-2001 06/08/2019 1 06/08/2019 Journal article